Szczegóły MARC21

Księgi humoru polskiego : od Fredry do Bałuckiego /

003 -Nazwa inst., której nr kontr. jest w polu 001 [,]
    • @
    • Nazwa instytucji, której n kontrolny jest w polu 001
    • NUKAT
005 -DATA I CZAS OSTATNIEJ MODYFIKACJI [,]
    • @
    • pole kontrolne
    • 20241231110514.0
040 -Instytucja sporządzająca opis [ , ]
    • a
    • Instytucja, która sporządziła opis (NP)
    • WR O/ZW
    • c
    • Instytucja, która sporządziła rekord (NP)
    • WR O/ZW
    • d
    • Instytucja, która zmodyfikowała rekord (P)
    • WR O/ZWs
    • d
    • Instytucja, która zmodyfikowała rekord (P)
    • WR O/LC
    • d
    • Instytucja, która zmodyfikowała rekord (P)
    • GD 27/LKs
942 -Rodzaj dokumentu [ , ]
    • c
    • Rodzaj dokumentu
    • Książka
245 -Strefa tytułu i oznaczenia odpowiedzialności [0,0]
    • a
    • Tytuł
    • Księgi humoru polskiego : Find
    • b
    • Ciąg dalszy tytułu (NP)
    • od Fredry do Bałuckiego / Find
    • c
    • Pozostałe elementy strefy tytułu i oznaczenia odpowiedzialności (NP)
    • wyboru tekstów dokonał Juliusz Saloni ; przypisami opatrzyła Helena Karwacka ; red. Tadeusz Chróścielewski.
260 -Strefa adresu wydawniczego [ , ]
    • a
    • Miejsce wydania (P)
    • Łódź :
    • b
    • Nazwa wydawcy (P)
    • Wydawnictwo Łódzkie,
    • c
    • Data wydania (P)
    • 1961.
300 -Strefa opisu fizycznego [ , ]
    • a
    • Określenie formy książki i/lub objętość (NP)
    • 382, [2] s. :
    • b
    • Oznaczenie ilustracji (NP)
    • il. ;
    • c
    • Format (NP)
    • 25 cm.
336 -Typ zawartości [ , ]
    • a
    • Termin opisujący typ zawartości
    • Tekst
    • b
    • Kod określający zawartość
    • txt
    • 2
    • Źródło (terminu i kodu)
    • rdacontent
337 -Typ mediów [ , ]
    • a
    • Tryb odtwarzania
    • Bez urządzenia pośredniczącego
    • b
    • Kod typu mediów
    • n
    • 2
    • Źródło (terminu i kodu)
    • rdamedia
338 -Typ/rodzaj nośnika [ , ]
    • a
    • Hasło opisujące typ nośnika
    • Wolumin
    • b
    • Kod typu nośnika
    • nc
    • 2
    • Źródło (terminu i kodu)
    • rdacarrier
080 -Uniwersalna Klasyfikacja Dziesiętna [ , ]
    • a
    • Symbol klasyfikacji
    • 821.162.1-17
    • 2
    • Identyfikator wydania tablic
    • UDC-P058
    • 9
    • UKD
    • 16863
    • b
    • Dopowiedzenie
    • Literatura polska. - Wiersze satyryczne. Wiersze humorystyczne.
    • 4
    • UKD2
    • 8450
    • x
    • Poddział wspólny
    • (082.2)
    • c
    • Dopowiedzenie poddz. wspólnego
    • (Antologie. Wypisy (różnych autorów). Cytaty. Fragmenty).
080 -Uniwersalna Klasyfikacja Dziesiętna [ , ]
    • a
    • Symbol klasyfikacji
    • 821.162.1-7
    • 2
    • Identyfikator wydania tablic
    • UDC-P058
    • 9
    • UKD
    • 13711
    • b
    • Dopowiedzenie
    • Literatura polska. - Humoreski. Satyry. Parodie. Dowcipy.
    • 4
    • UKD2
    • 8450
    • x
    • Poddział wspólny
    • (082.2)
    • c
    • Dopowiedzenie poddz. wspólnego
    • (Antologie. Wypisy (różnych autorów). Cytaty. Fragmenty).
655 -Hasło w funkcji tematu formalnego [ ,7]
    • a
    • Hasło
    • Humor polski
    • y
    • Określnik chronologiczny
    • 19 w.
    • v
    • Określnik formy
    • antologie.
    • 2
    • Źródło terminu
    • kaba
    • 9
    • KHW
    • 397608
980 -Symbol UKD [ , ]
    • a
    • UKD
    • 821.162.1-17+821.162.1-7](082.2)
700 -Hasło dodatkowe - nazwa osobowa [1, ]
    • a
    • Nazwa osobowa (NP)
    • Saloni, Juliusz Find
    • d
    • Daty biograficzne (NP)
    • (1891-1963).
    • e
    • Określenie rodzaju współpracy
    • Wybór
    • 9
    • KHW
    • 18895
700 -Hasło dodatkowe - nazwa osobowa [1, ]
    • a
    • Nazwa osobowa (NP)
    • Karwacka, Helena Find
    • d
    • Daty biograficzne (NP)
    • (1930-2017).
    • e
    • Określenie rodzaju współpracy
    • Oprac.
    • 9
    • KHW
    • 76447
700 -Hasło dodatkowe - nazwa osobowa [1, ]
    • a
    • Nazwa osobowa (NP)
    • Chróścielewski, Tadeusz Find
    • d
    • Daty biograficzne (NP)
    • (1920-2005).
    • e
    • Określenie rodzaju współpracy
    • Red.
    • 9
    • KHW
    • 64625
710 -Hasło dodatkowe - nazwa ciała zbiorowego [2, ]
    • a
    • Nazwa ciała zbiorowego lub nazwa geograficzna jako pierwszy element (NP)
    • Wydawnictwo Łódzkie.
    • 4
    • Kod relacji
    • pbl
    • 9
    • KHW
    • 56507
Lokalizacja Data inwentaryzacji Status udost. Numer inwentarzowy Sygnatura
BG2002-11-081Z.80641Z.80641
BG2002-11-151JK.104